| 000 | 00903nam a22002535a 4500 | ||
|---|---|---|---|
| 003 | OSt | ||
| 005 | 20161215152021.0 | ||
| 008 | 161103s2007 ua frb 000 0 ara d | ||
| 015 | _a2006/22841 | ||
| 020 | _a9770450855 | ||
| 040 |
_aEG-ScBUE _bara _cEG-ScBUE |
||
| 043 | _ama----- | ||
| 082 | 0 | 4 |
_a344.094 _bح ذ ي _222 |
| 100 | 1 | _aحذيفي، أمين أحمد. | |
| 245 | 1 | 2 |
_aالحماية الجنائية للآثار : _bدراسة مقارنة / _cأمين أحمد الحذيفي. |
| 260 |
_aالقاهرة : _bدار النهضة العربية، _c2007. |
||
| 300 |
_a517 ص. ؛ _c24 سم. |
||
| 504 | _aيشتمل على إرجاعات ببليوجرافية. | ||
| 650 | 7 |
_aالآثار _xقوانين وتشريعات _zالعالم العربي. _2BUEsh |
|
| 650 | 7 |
_aالآثار (قانون دولي) _2BUEsh |
|
| 651 | _2BUEsh | ||
| 653 |
_bLLAAWW _cDecember2016 |
||
| 942 | _2ddc | ||
| 999 |
_c23593 _d23565 |
||